000 00725nam a2200217Ii 4500
003 JO-AjNU
008 230605s9999||||xx |||||||||||||| ||und||
017 _a3893
040 _aJO-AjNU
_bara
_erda
_cJO-AjNU
041 _aara
050 1 4 _aHM131 .S8 1980
100 3 _aالسلمي، علي ,
_eauthor
_937966
245 0 0 _aتطور الفكر التنظيمي
250 _aط2
264 3 1 _aالكويت: وكالة المطبوعات، 1980
300 _a352ص
_bيحتوي على ببلوغرافية من 346-352ص
336 _atext
_btxt
_2rdacontent
337 _aunmediated
_bn
_2rdamedia
338 _avolume
_bnc
_2rdacarrier
650 4 _aالتنظيم الإداري - الادارة العامة
_937967
999 _aA15911
_c19479
_d19479